1600 1400 1203 1387 1651 1990 1693 1589 1976 1265 1928 1755 1331 1020 1680 1034 1973 1218 1889 1649 1028 1303 1209 1440 1708 1517 1061 1570 1590 1050 1614 1550 1519 1763 1374 1947 1049 1125 1141 1443 1270 1484 1231 1725 1644 1091 1860 1846 1410 1786 1018 1188 1982 1325 1879 1973 1728 1481 1511 1781 1982 1414 1513 1219 1867 1709 1737 1953 1211 1842 1046 1239 1271 1734 1927 1939 1386 1749 1612 1823 1973 1364 1430 1428 1596 1731 1084 1417 1691 1138 1664 1527 1428 1949 1244 1519 1304 1926 1200 BCNSPRNW ULIB Ver.6.0+V

เปลี่ยนเป็นภาษาไทย

Change to English
 แสดงรายละเอียดบรรณานุกรม
  กลับหน้าหลัก

Brief Record : Get Marc (ISO 2709) : E-mail record : QR code < ปิดหน้าต่าง
LEADER : 00000nam 2200000uu 4500
001    13399121559
003     ULIB
008    121123s2549||||th 000 0 tha d
020    ^a9746520156
060 04 ^aWW100^bว321จ
100 0  ^aวราภรณ์ บูรณตรีเวทย์
245 10 ^aจักษุวิทยา =^bRed eye, lids & lacrimal system /^cวราภรณ์บูรณตรีเวทย์
246 31 ^aRed eye, lids & lacrimal system
250    ^aพิมพ์ครั้งที่ 1
260    ^aกรุงเทพฯ :^bบุ๊คเน็ท,^c2546
300    ^av, 78 หน้า :^bภาพประกอบ ;^c22 ซม.
650  7 ^aจักษุวิทยา
650  7 ^aตา, โรค
945    ^p120^l0^i15969
945    ^p120^l0^i15970
995    ^aวิภา
999 ^a ใช้งานได้ทุกระบบ
รายการนี้ยังไม่มีแท็ก
คุณยังไม่ได้ล็อกอิน คุณสามารถมีกิจกรรมร่วมกับเว็บไซต์ได้ แต่ต้องล็อกอินก่อน ::
  ล็อกอิน

รายการสื่อสารสนเทศ

ลำดับที่ ประเภท เลขเรียก/บาร์โค้ด สถานที่ สถานะ
1. วิทยาศาสตร์การแพทย์ และสุขภาพ
วิทยาศาสตร์การแพทย์ และสุขภาพ
WW100 ว321จ  
  Barcode: 15969
ห้องสมุดวิทยาเขตสวรรค์ประชารักษ์
►หนังสือทั่วไป
บนชั้น
2. วิทยาศาสตร์การแพทย์ และสุขภาพ
วิทยาศาสตร์การแพทย์ และสุขภาพ
WW100 ว321จ ฉ.2 
  Barcode: 15970
ห้องสมุดวิทยาเขตสวรรค์ประชารักษ์
►หนังสือทั่วไป
บนชั้น

รายการใกล้เคียง
    หัวเรื่อง [จักษุวิทยา]
    หัวเรื่อง [ตา, โรค]

BibComment


ยังไม่เคยถูกคอมเมนท์

คอมเมนท์ทรัพยากรรายการนี้
  คอมเมนท์: จักษุวิทยา Red ..


 Copyright 2026. Bcnsprnw @Library